Quaid Azam ke 27 saal; 1876-1947 (Record no. 327456)
[ view plain ]
| 000 -LEADER | |
|---|---|
| fixed length control field | 00342 a2200133 4500 |
| 001 - CONTROL NUMBER | |
| control field | 92383 |
| 082 ## - DEWEY DECIMAL CLASSIFICATION NUMBER | |
| Classification number | 923.15491 RAZ |
| 090 ## - LOCALLY ASSIGNED LC-TYPE CALL NUMBER (OCLC); LOCAL CALL NUMBER (RLIN) | |
| -- | 44352 |
| -- | 44353 |
| 100 ## - MAIN ENTRY--PERSONAL NAME | |
| Personal name | Khwaja Razi Haider |
| 245 ## - TITLE STATEMENT | |
| Title | Quaid Azam ke 27 saal; 1876-1947 |
| Statement of responsibility, etc. | Khwaja Razi Haidar |
| 260 ## - PUBLICATION, DISTRIBUTION, ETC. | |
| Place of publication, distribution, etc. | Lahore |
| Name of publisher, distributor, etc. | Fiction house |
| Date of publication, distribution, etc. | 2014 |
| 300 ## - PHYSICAL DESCRIPTION | |
| Extent | 328 p. |
| 520 ## - SUMMARY, ETC. | |
| Summary, etc. | quaid-e-zam |
| 942 ## - ADDED ENTRY ELEMENTS (KOHA) | |
| Institution code [OBSOLETE] | NUST-CAE |
| Call number prefix | 923.15491 RAZ |
| Withdrawn status | Lost status | Damaged status | Not for loan | Collection code | Permanent Location | Current Location | Date acquired | Total Checkouts | Full call number | Barcode | Date last seen | Price effective from | Koha item type |
|---|---|---|---|---|---|---|---|---|---|---|---|---|---|
| College of Aeronautical Engineering (CAE) | College of Aeronautical Engineering (CAE) | 04/03/2017 | 923.15491 RAZ | CAE88628 | 04/05/2017 | 04/05/2017 | Book | ||||||
| College of Aeronautical Engineering (CAE) | College of Aeronautical Engineering (CAE) | 04/03/2017 | 923.15491 RAZ | CAE88750 | 04/05/2017 | 04/05/2017 | Book |
